All EFL teams that have "ham" in their name - Statistics

General Stats
  • This quiz has been taken 142 times
  • The average score is 8 of 12
Answer Stats
Hint Answer % Correct
Premier League West Ham United
99%
Premier League Fulham
84%
Premier League Tottenham Hotspur
76%
Premier League Nottingham Forest
72%
Championship Southampton
72%
Premier League Wolverhampton Wanderers
71%
Championship Birmingham City
65%
League One Northampton Town
61%
League Two Wrexham
47%
League One Cheltenham Town
43%
Championship Rotherham United
42%
League Two Gillingham
40%
No matching quizzes found
Score Distribution
Percent of People with Each Score
Percentile by Number Answered
Your Score History
You have not taken this quiz